| 000 | 01784nam a2200265 a 4500 | ||
|---|---|---|---|
| 001 | 83735 | ||
| 003 | BD-RjUL | ||
| 005 | 20240514100313.0 | ||
| 008 | 240514s2022 bg ||||| m||| 00| 0 ben d | ||
| 035 | _a(BD-RjUL)83735 | ||
| 040 |
_aBD-RjUL _bben/eng _cBD-RjUL _dBD-RjUL |
||
| 041 | _aben | ||
| 082 |
_223 _a381.34 _bHAB 2022 |
||
| 100 |
_aহাসান, মেহেদী _912994 |
||
| 245 |
_aবাংলাদেশে ভোক্তা অধিকার সংরক্ষণে ইসলামি ক্রয়-বিক্রয় পদ্ধতি / _cমেহেদী হাসান _6গবেষণা তত্বাবধায়ক : এফ এম এ এইচ তাকী |
||
| 246 | _aIslamic Trading system for consumer Rights Protection in Bangladesh / | ||
| 260 |
_aরাজশাহী : _bইনস্টিটিউট অব বাংলাদেশ স্টাডিজ,রাজশাহী বিশ্ববিদ্যালয় _c২০২২ |
||
| 300 |
_a[২], xii, ২৯৭ পাতা ; _c২৯ সেমি. |
||
| 502 | _aথিসিস (পিএইচ.ডি.) -- ইনস্টিটিউট অব বাংলাদেশ স্টাডিজ,রাজশাহী বিশ্ববিদ্যালয়,২০২২ | ||
| 504 | _aগ্রন্থপঞ্জি : পাতা ২৮১-২৯৭ | ||
| 650 |
_aভোক্তা অধিকার সংরক্ষণ _xইসলামি ক্রয়-বিক্রয় পদ্ধতি _zবাংলাদেশ _912995 |
||
| 650 |
_aConsumer Rights Protection _xIslamic Trading system _zBangladesh _912996 |
||
| 700 |
_aতাকী, এফ এম এ এইচ, গবেষণা তত্বাবধায়ক _912997 |
||
| 942 |
_2ddc _cTHE |
||
| 999 |
_c83735 _d83735 |
||